|
|
|
|
| LEADER |
00000cam a22000004a 4500 |
| 001 |
musev2_27273 |
| 003 |
MdBmJHUP |
| 005 |
20230905042906.0 |
| 006 |
m o d |
| 007 |
cr||||||||nn|n |
| 008 |
131127r20132013dcu o 00 0 eng d |
| 020 |
|
|
|a 9780815723387
|
| 020 |
|
|
|z 9780815723370
|
| 035 |
|
|
|a (OCoLC)836402540
|
| 040 |
|
|
|a MdBmJHUP
|c MdBmJHUP
|
| 050 |
|
4 |
|a HJ141
|b .O64 2013
|
| 082 |
0 |
|
|a 352.4
|2 23
|
| 245 |
0 |
0 |
|a Open Budgets :
|b The Political Economy of Transparency, Participation, and Accountability /
|c Sanjeev Khagram, Archon Fung, Paolo de Renzio.
|
| 264 |
|
1 |
|a Baltimore, Maryland :
|b Project Muse,
|c 2013
|
| 264 |
|
3 |
|a Baltimore, Md. :
|b Project MUSE,
|c 2013
|
| 264 |
|
4 |
|c ©2013
|
| 300 |
|
|
|a 1 online resource (264 pages):
|b illustrations
|
| 336 |
|
|
|a text
|b txt
|2 rdacontent
|
| 337 |
|
|
|a computer
|b c
|2 rdamedia
|
| 338 |
|
|
|a online resource
|b cr
|2 rdacarrier
|
| 500 |
|
|
|a Issued as part of book collections on Project MUSE.
|
| 500 |
|
|
|a Issued as part of book collections on Project MUSE.
|
| 504 |
|
|
|a Includes bibliographical references (pages 248-249) and index.
|
| 505 |
0 |
|
|a 1. Overview and synthesis: The political economy of fiscal transparency, participation, and accountability around the world / Sanjeev Khagram, Paolo de Renzio, and Archon Fung -- 2. What we know can't hurt them: origins, sources of sustenance, and survival prospects of budget transparency in South Africa / Steven Friedman -- 3. Accountability from the top down?: Brazil's advances in budget accountability despite a lack of popular mobilization / Jorge Antonio Alves and Patrick Heller -- 4. A mutually reinforcing loop : budget transparency and participation in South Korea / Jong-sung You and Wonhee Lee -- 5. Budget transparency and accountability in Mexico: high hopes, low performance / John M. Ackerman -- 6. Guatemala: limited advances within advancing limits / Aaron Schneider and Annabella España-Najera -- 7. The limits of top-down reform: budget transparency in Tanzania / Barak D. Hoffman -- 8. The diversification of state power: Vietnam's alternative path toward budget transparency, accountability, and participation / Jonathan Warren and Huong Nguyen -- 9. Capturing movement at the margins: Senegal's efforts at budget transparency reform / Linda Beck, E.H. Seydou Nourou Toure, and Aliou Faye -- Contributors -- Index.
|
| 506 |
|
|
|a Access restricted to authorized users and institutions.
|
| 520 |
|
|
|a Explicates political economy factors that have brought about greater transparency and participation in budget settings across Asia, Africa, and Latin America. This title presents the strategies, policies, and institutions through which improvements can occur and produce change in policy and institutional outcomes.
|
| 588 |
|
|
|a Description based on print version record.
|
| 650 |
|
0 |
|a Government accountability.
|
| 650 |
|
0 |
|a Transparency in government.
|
| 650 |
|
0 |
|a Budget.
|
| 650 |
|
0 |
|a Finance, Public.
|
| 655 |
|
7 |
|a Electronic books.
|2 local
|
| 700 |
1 |
|
|a De Renzio, Paolo,
|e author.
|
| 700 |
1 |
|
|a Fung, Archon,
|d 1968-
|e author.
|
| 710 |
2 |
|
|a Project Muse,
|e distributor.
|
| 776 |
1 |
8 |
|i Print version:
|z 9780815723370
|
| 710 |
2 |
|
|a Project Muse.
|e distributor
|
| 830 |
|
0 |
|a Book collections on Project MUSE.
|
| 856 |
4 |
0 |
|z Texto completo
|u https://projectmuse.uam.elogim.com/book/27273/
|
| 945 |
|
|
|a Project MUSE - Custom Collection
|
| 945 |
|
|
|a Project MUSE - 2013 Political Science and Policy Studies
|
| 945 |
|
|
|a Project MUSE - 2013 Complete
|